Places in Nebraska - sudden death - Statistics

General Stats
  • This quiz has been taken 49 times
  • The average score is 14 of 29
Answers on the Grid
Answers color-coded by a green-red scale on the quiz's grid according to % correct below.
Birthplace of Malcolm X
Las Vegas
Vatican City
Brooklyn Bridge
Auckland
Missouri River
Prairie land
North Platte
Chimney Rock
Winnebago Reservation
Monte Carlo
Iowa Reservation
Taipei
Carhenge
Ottawa
Milton Keynes
Marlon Brando's birthplace
Cornfields
Ionia Volcano
Lincoln
Door to Hell
Badlands National Park
Union Pacific Railroad HQ
Grand Island
A Spanish battlefield
The place Kool-Aid was invented
Blood Falls
Republican River
N. America's largest aquifer
WW2 Japanese bombing location
Scottsbluff
Land below sea level
Skadi Mons
Nebraska City
Café OTO
1864 Plumb Creek Massacre site
Kearney
An 85,000-capacity stadium
Metropolitano Stadium
Nioro du Sahel
Lambert Glacier
Jutiapa
Istaravshan
Illéla
Nuyorican Poets Café
Site of Crazy Horse's surrender
Omaha
South Platte River
South Sioux City
Spotted Lake
Bafoussam
Ondo
Elliott Smith's birthplace
The classic U.S. Route 66
 
Answer Stats
Answer % Correct
Cornfields
88%
Lincoln
84%
North Platte
81%
Missouri River
78%
Grand Island
72%
Omaha
69%
Chimney Rock
63%
Kearney
63%
Nebraska City
63%
South Platte River
63%
An 85,000-capacity stadium
59%
Prairie land
56%
Scottsbluff
53%
South Sioux City
53%
Birthplace of Malcolm X
50%
Union Pacific Railroad HQ
50%
N. America's largest aquifer
47%
The place Kool-Aid was invented
44%
Winnebago Reservation
41%
Carhenge
38%
Elliott Smith's birthplace
34%
Marlon Brando's birthplace
31%
1864 Plumb Creek Massacre site
28%
Iowa Reservation
28%
Site of Crazy Horse's surrender
19%
Republican River
13%
WW2 Japanese bombing location
9%
Near Columbus, Ne A Spanish battlefield
6%
Ionia Volcano
0%
No matching quizzes found
Score Distribution
Percent of People with Each Score
Percentile by Number Answered
Your Score History
You have not taken this quiz